| 000 | 01147nam0a22002891 4500 | ||
|---|---|---|---|
| 001 | rc\2725464 | ||
| 005 | 20250806210205.0 | ||
| 035 | _a(NLR Aleph) 006852957 | ||
| 090 |
_a6967 _c6967 |
||
| 100 | _a20110915d1943 u y0rusy50 ca | ||
| 101 | 0 | _arus | |
| 102 | _aRU | ||
| 105 | _ay z ||||| | ||
| 200 | 1 |
_aДля Сталинграда _e[Сборник] |
|
| 210 |
_aБалашов _cПолитотдел Юго-Вост. ж. д. _d1943 |
||
| 215 |
_a36 с. _d17 см. |
||
| 225 | 1 | _aЖелезнодорожники Юго-Восточной дороги в Отечественной войне | |
| 300 | _aБрошюра подготовлена к печати: В. Ф. Баландиным, В. П. Логвиным, Е. М. Приградовым и др. | ||
| 702 | 1 |
_aБаландин _bВ.Ф. _4570 |
|
| 712 | 0 | 2 |
_aЮго-Восточная ж. д. _bПолитический отдел _3RU\NLR\AUTH\8810113628 |
| 801 | 0 |
_aRU _bNLR _gpsbo |
|
| 801 | 1 |
_aRU _bELAR _2rusmarc |
|
| 852 |
_aNLR _jИр50 Г-2/456 |
||
| 942 | _cBOOK | ||
| 945 | _aРоссийская национальная библиотека | ||
| 980 | _aNB | ||
| 980 | _aBV | ||